Infocracia y las fake news en la toma de decisiones de la seguridad y defensa nacional en República Dominicana : (Registro nro. 8584)

Detalles MARC
000 -CABECERA
campo de control de longitud fija 01595nam a22002657a 4500
003 - IDENTIFICADOR DEL NÚMERO DE CONTROL
campo de control DO-SdBJH
005 - FECHA Y HORA DE LA ÚLTIMA TRANSACCIÓN
campo de control 20260303202911.0
008 - DATOS DE LONGITUD FIJA--INFORMACIÓN GENERAL
campo de control de longitud fija 260303b2025 |||d|||| |||| 00| 0 spa d
040 ## - FUENTE DE LA CATALOGACIÓN
Centro catalogador/agencia de origen DO-SdBJH
Lengua de catalogación spa
Centro/agencia transcriptor DO-SdBJH
041 0# - CÓDIGO DE LENGUA
Código de lengua del texto/banda sonora o título independiente spa
090 ## - LOCALMENTE ASIGNADO TIPO-LC NÚMERO DE CLASIFICACIÓN (OCLC); NÚMERO DE CLASIFICACIÓN LOCAL (RLIN)
Número de clasificación (OCLC) (R) ; Numero de clasificación, CALL (RLIN) (NR) CT MA-SDN 0009
Número cutter local (OCLC) ; Número de libro/Signatura topográfica íntegra, CALL (RLIN) EGAEE 2025
100 1# - ENTRADA PRINCIPAL--NOMBRE DE PERSONA
Nombre de persona Terrero Marte, Cristian Argel
Término indicativo de función/relación sustentante
245 10 - MENCIÓN DE TÍTULO
Título Infocracia y las fake news en la toma de decisiones de la seguridad y defensa nacional en República Dominicana :
Resto del título (2018-2024) :
Mención de responsabilidad, etc. Cristian Argel Terrero Marte, Josefina Lissette Capellán Melendez ; asesor de contenido Piero Alvigni ; asesor metodológico Kelvin Leandro Encarnación González.
260 ## - PUBLICACIÓN, DISTRIBUCIÓN, ETC.
Lugar de publicación, distribución, etc. Santo Domingo, República Dominicana :
Nombre del editor, distribuidor, etc. UNADE,
Fecha de publicación, distribución, etc. 2025.
300 ## - DESCRIPCIÓN FÍSICA
Extensión xv, 114 páginas :
Otras características físicas gráficas.
502 ## - NOTA DE TESIS
Nota de tesis Tesis y trabajos de grado (Maestría en Seguridad y Defensa Nacional)--Universidad Nacional Para la Defensa "General Juan Pablo Duarte y Díez", Escuela de Graduados de Altos Estudios Estratégicos, Santo Domingo, 2026.
504 ## - NOTA DE BIBLIOGRAFÍA, ETC.
Nota de bibliografía, etc. Incluye referencias bibliográficas y anexos.
505 ## - NOTA DE CONTENIDO CON FORMATO
Nota de contenido con formato Aspectos generales de la influencia de la infocracia en la seguridad y defensa nacional -- Escenario existente de la desinformación mediática en la República Dominicana .
650 ## - PUNTO DE ACCESO ADICIONAL DE MATERIA--TÉRMINO DE MATERIA
Término de materia o nombre geográfico como elemento de entrada Seguridad Nacional
Subdivisión de forma Investigaciones
Subdivisión general Defensa
-- Infocracia
Subdivisión cronológica 2018-2024
Subdivisión geográfica República Dominicana
650 ## - PUNTO DE ACCESO ADICIONAL DE MATERIA--TÉRMINO DE MATERIA
Término de materia o nombre geográfico como elemento de entrada Ciberinteligencia
700 1# - PUNTO DE ACCESO ADICIONAL--NOMBRE DE PERSONA
Nombre de persona Capellán Melendez, Josefina Lissette
Término indicativo de función/relación sustentantes
700 1# - PUNTO DE ACCESO ADICIONAL--NOMBRE DE PERSONA
Nombre de persona Alvigni, Piero
Término indicativo de función/relación asesor de contenido
700 1# - PUNTO DE ACCESO ADICIONAL--NOMBRE DE PERSONA
Nombre de persona Encarnación González, Kelvin Leandro
Término indicativo de función/relación asesor metodológico
942 ## - ELEMENTOS DE PUNTO DE ACCESO ADICIONAL (KOHA)
Fuente del sistema de clasificación o colocación Clasificación Local
Tipo de ítem Koha Tesis
Existencias
Estado de retiro Estado de pérdida Fuente del sistema de clasificación o colocación Estado dañado No para préstamo Código de colección Localización permanente Ubicación/localización actual Ubicación en estantería Fecha de adquisición Número de inventario Total de préstamos Signatura topográfica completa Código de barras Fecha visto por última vez Número de copia Precio válido a partir de Tipo de ítem Koha
    Clasificación Local     Trabajos de Grado e Investigción SIBM UNADE - Biblioteca Sede Central SIBM UNADE - Biblioteca Sede Central En estantería 03/03/2026 25-02523   CT MA-SDN 0009 EGAEE 2025 25-02523 03/03/2026 1 03/03/2026 Tesis
© Copyright 2016. Universidad Nacional para la Defensa.Todos los derechos reservados.

 

Designed & Maintained by: https://www.sibdweb.com.do
Sistema de Información & Bibliotecas (SIBD). Contact: pbrito2005@gmail.com